000
00272nam a2200109Ia 4500
008
190216s9999||||xx |||||||||||||| ||und||
100
_a
Thirunalloor Karunakaran
245
0
_a
Malayala Bhasha Parinamam
260
_b
Prabhath Book House
650
_a
Sahithyam
942
_c
BK
999
_c
24285
_d
24285